000 00996nam a22002651u 4500
001 12524
003 HDC
007 cr bn ---
008 210209p2004 my eng
040 _aHDC
100 _aNordin Yusof,
_eauthor
_912860
245 0 _aProductivity of swamp buffaloes under three production systems /
_cby Nordin Yusof, Abdullah Sani Ramli, Mohammad Rosalan Awang and Mohamad Sheikh Ghadzi
260 _aSerdang :
_bMalaysian Agricultural Research and Development Institute (MARDI),
_c2004
300 _a1 page
336 _atext
_2rdacontent
337 _acomputer
_2rdamedia
338 _aonline resource
_2rdacarrier
650 _aProduction systems
_913159
650 _aProductivity
_913160
650 _aSwamp buffaloes
_913158
856 _zRequest full-text at [email protected]
942 _2lcc
942 _cAR
942 _kJART 003117
999 _c9847
_d9847